| 000 | 00689cam1a220022900 4500 | ||
|---|---|---|---|
| 001 | tmp15755806 | ||
| 003 | UPRA | ||
| 005 | 20190821150533.0 | ||
| 008 | 951020s1967 enk f eng u | ||
| 035 | _a(Sirsi) r92492 | ||
| 035 | _a(UPRA)tmp15755806 | ||
| 040 | _cUPRA | ||
| 110 | 1 |
_bMinistry of Labour. _6A42864.1 |
|
| 245 | 1 | 0 | _aIndustrial relations handbook ... |
| 250 | _aRev. ed. | ||
| 260 |
_aLondon : _bH.M.S.O., _c1967. |
||
| 500 | _aFirst published in 1961. | ||
| 650 | 0 |
_aIndustrial relations -- Great Britain. _zIndustrial relations -- Great Britain. _6S15395.1 |
|
| 949 |
_aHD8390 _wlcc _i-130130 _mMAIN _tBOOK _lON-SHELF |
||
| 004 | 92492 | ||
| 987 | _aimage : unreadable? | ||
| 999 |
_c120265 _d120265 |
||